Teoría de la administración financiera

Guardat en:
Dades bibliogràfiques
Autor principal: Solomon, Ezra (Autor)
Format: Llibre
Idioma:espanyol
Publicat: Buenos Aires Macchi 1980
Matèries:
Etiquetes: Afegir etiqueta
Sense etiquetes, Sigues el primer a etiquetar aquest registre!

MARC

LEADER 00000cam a2200000 a 4500
001 UCW2783
003 CL-VaPUC
008 900829e19800000AG |||||||||||||||||spa|d
082 0 4 |a 658.15  |b SOL  |2 21 
100 0 |a Solomon, Ezra  |e author  |9 307077 
245 1 0 |a Teoría de la administración financiera 
300 |a 227 p 
942 |c BK 
945 |d 19900829 00:00:00 
260 |a Buenos Aires  |b Macchi  |c 1980 
650 7 |a FINANZAS ADMINISTRACION  |2 CL-VaPUC  |9 306205 
583 |a last modification  |c 20150413 12:24:40  |k Rodrigo Vera 
999 |c 217230  |d 217228 
952 |0 0  |1 0  |4 0  |6 658_150000000000000_SOL_1980  |7 0  |8 A  |9 204246  |a BIBGIM  |b BIBGIM  |d 2019-11-15  |i 271468K  |o 658.15 SOL 1980  |p 271468K  |r 2025-01-15  |w 2019-11-15  |y BK  |k COM 
952 |0 0  |1 0  |4 0  |6 658_150000000000000_SOL_1980  |7 0  |8 A  |9 204247  |a BIBGIM  |b BIBGIM  |d 2019-11-15  |i 2714698  |l 1  |o 658.15 SOL 1980  |p 2714698  |r 2025-01-15  |s 2024-04-22  |w 2019-11-15  |y BK  |k COM